| 000 | 00814cam a22002897a 4500 | ||
|---|---|---|---|
| 001 | 12518210 | ||
| 003 | NUST | ||
| 005 | 20230327093039.0 | ||
| 008 | 010607s2001 pk 000 0 urd | ||
| 010 | _a 2001289567 | ||
| 020 | _a9693512065 | ||
| 025 | _aP-U-2001289567; 06; 05 | ||
| 035 | _a(DLC) 200128956 | ||
| 040 |
_aDLC _cDLC _dDLC |
||
| 042 | _alcode | ||
| 050 | 0 | 0 | _aMLCSA 2001/01851 (P) |
| 082 | _a891.4392,ASH | ||
| 100 | 0 |
_aAshfāq Aḥmad, _d1925-2004. _9639 |
|
| 245 | 1 | 0 |
_aGuldan : _bTalqeen Shah / _cAshfaq Aḥmad. |
| 260 |
_aLahore : _bSang-i Mīl Pablīkeshanz, _c2001. |
||
| 300 |
_a328 p. ; _c22 cm. |
||
| 500 | _aPlay. | ||
| 546 | _aIn Urdu. | ||
| 906 |
_a7 _bcbc _corigode _d3 _encip _f20 _gy-gencatlg |
||
| 942 |
_2ddc _cBK _k891.4392,ASH |
||
| 999 |
_c594306 _d594306 |
||